000 004540000a22001810004500
003 MACL
005 20150705145015.0
008 150705b xxu||||| |||| 00| 0 eng d
040 _aMACL
_cMACL
041 _aEnglish
082 _a301/SHA
100 _aSharma, Dr Uttama Pandey
_9885
245 _aUntouchables Towards Social Change
260 _bKitab Mahal
_c2007
_aNew Delhi
350 _a350
650 _aSociology
_919
942 _cBK
_k301/SHA
_2ddc
999 _c42521
_d42521